| 000 | 00410nam a2200145Ia 4500 | ||
|---|---|---|---|
| 008 | 230314s9999 xx 000 0 und d | ||
| 020 | _a978-93-86896-72-8 | ||
| 041 | _aeng | ||
| 082 | _aF/610.73/FRA/DB0952 | ||
| 100 |
_aFransis Celestina & Misra Kritika _9180561 |
||
| 245 | _aNursing Foundations for BSc Nursing Students | ||
| 260 |
_bLotus _aJalandhar _c2022 |
||
| 300 | _a360p | ||
| 999 |
_c144103 _d144103 |
||